| 000 | 01252cam a22003011 4500 | ||
|---|---|---|---|
| 001 | 1703503 | ||
| 003 | OSt | ||
| 005 | 20140115093732.0 | ||
| 008 | 850730s1968 nyuab j b 000 0 eng | ||
| 010 | _a 68019229 | ||
| 040 |
_aDLC _cDLC _dDLC |
||
| 042 | _alcac | ||
| 050 | 0 | 0 |
_aD117 _b.S55 |
| 082 | 0 | 0 | _a940.1 |
| 100 | 1 |
_aSimons, Gerald. _923996 |
|
| 245 | 1 | 0 |
_aBarbarian Europe, _cby Gerald Simons and the editors of Time-Life Books. |
| 260 |
_aNew York, _bTime-Life Books _c[1968] |
||
| 300 |
_a192 p. _billus. (part col.), col. maps. _c28 cm. |
||
| 490 | 1 | _aGreat ages of man; a history of the world's culture | |
| 504 | _aBibliography: p. 186. | ||
| 520 | _aA six-hundred-year history of medieval Europe, covering the spread of Christianity to barbaric tribes; the rise of parliamentary government and the stabilization of nation states; the development of court and jury justice; the revival and expansion of trade; the growth of towns, feudal life, and education; and the new trends in art and architecture. | ||
| 650 | 0 |
_aMiddle Ages. _923997 |
|
| 650 | 1 |
_aMiddle Ages. _923998 |
|
| 710 | 2 |
_aTime-Life Books. _923999 |
|
| 830 | 0 |
_aGreat ages of man. _924000 |
|
| 906 |
_a7 _bcbc _corignew _du _eocip _f19 _gy-gencatlg |
||
| 942 |
_2lcc _cBK |
||
| 999 |
_c58319 _d58293 |
||